000 00335nam a2200133Ia 4500
008 240624s9999 xx 000 0 und d
041 _aeng
082 _a658.827 ART
100 _aARTHUR IVAN
245 _aBRANDS UNDER FIRE
260 _c2008
_aNew Delhi
_bPenguin Portfolio
300 _axiv, : 214 : p. : cm. ; 22
365 _cRS
_b20
999 _c12671
_d12671